| 000 | 00624cam a22001937a 4500 | ||
|---|---|---|---|
| 999 |
_c28973 _d28973 |
||
| 001 | 12441502 | ||
| 005 | 20190202020035.0 | ||
| 008 | 010614s1999 mdu 000 0 eng | ||
| 010 | _a 2001615903 | ||
| 020 | _a0828014191 | ||
| 040 |
_aDLC _cLCC |
||
| 050 | 0 | 0 | _aBV 4850 .S93 1993 |
| 100 | 1 | _aSwanson, Gary B. | |
| 245 | 1 | 0 |
_aSurprise me! : _bmeet the God you didn't expect / _cGary B. Swanson. |
| 260 |
_aHagerstown, Md. : _bReview and Herald, _cc1999. |
||
| 300 |
_a158 p. ; _c23 cm. |
||
| 650 | _aTeenagers-prayerbook and devotions-english | ||
| 906 |
_a7 _bcbc _corignew _d4 _encip _f20 _gy-gencatlg |
||
| 942 |
_2lcc _cBOOKS _hBV 4850 .S93 1993 _01 |
||